Humans Who Visited Narnia Quiz Stats

 Plays Quiz Updated Nov 19, 2019

Support Sporcle.
Go Orange.
Score 0/11 Timer 03:00
0 Plays Today
Books Person % Correct
The Lion, the Witch and the Wardrobe; Prince Caspian; The Voyage of the Dawn Treader; The Horse and His Boy; The Last BattleLucy Pevensie
94.7%
The Lion, the Witch and the Wardrobe; Prince Caspian; The Last BattlePeter Pevensie
93%
The Lion, the Witch and the Wardrobe; Prince Caspian; The Horse and His BoySusan Pevensie
87.1%
The Lion, the Witch and the Wardrobe; Prince Caspian; The Voyage of the Dawn Treader; The Horse and His Boy; The Last BattleEdmund Pevensie
86.2%
The Voyage of the Dawn Treader; The Silver Chair; The Last BattleEustace Clarence Scrubb
53%
The Magicians Nephew; The Last BattlePolly Plummer
41.5%
The Silver Chair; The Last BattleJill Pole
40.5%
The Magicians Nephew; The Last BattleDigory Kirke
36.2%
The Magicians NephewAndrew Ketterley
24.3%
The Magicians NephewFrank
23.1%
The Magicians NephewHelen
19.7%

You're not logged in!

Compare scores with friends on all Sporcle quizzes.
OR
Log In

From the Vault

Best Song Oscar & Billboard #1

by Kicking222

Incredibly nothing from the 'Glitter' soundtrack is on this quiz.
Remove Ads.
Support Sporcle.
Get the best of Sporcle when you Go Orange. This ad-free experience offers more features, more stats, and more fun while also helping to support Sporcle. Thank you for becoming a member.

Show Comments

Extras

Top Quizzes Today


Score Distribution

Your Account Isn't Verified!

In order to create a playlist on Sporcle, you need to verify the email address you used during registration. Go to your Sporcle Settings to finish the process.

Report this User

Report this user for behavior that violates our Community Guidelines.

Details: